Uusi Päivä -sarjan näyttelijät - Statistics

Yleistilastot
  • Tätä visaa on pelattu 141 kertaa
  • Keskiarvotulos 28 / 114
Vastaustilastot
Hint Vastaus % Oikein
Aino Haavisto Inga Sulin
94%
Asko Haavisto Antti Majanlahti
80%
Jani Hellemaa Valtteri Lehtinen
79%
Elina Haavisto Sanni Haahdenmaa
75%
Niklas Järvelä Kai Vaine
73%
Otso Karhu Aimo Räsänen
70%
Aapo Rönkkö Kalle Ruusukallio
70%
Jukka Hiltunen Eppu Salminen
68%
Ensio Haavisto Esko Roine
68%
Lisbeth "Lissu" Kanerva 1 Hanna-Riikka Siitonen
68%
Iris Rainio Amelie Blauberg
66%
Aleksi Ruuskanen Juuso Pekkinen
66%
Tero Kuusla Lari Halme
66%
Tuija Haavisto Fanni Suomi
64%
Emmi Lukkari Suvi Hurme
64%
Cicca Callas Siiri Partanen
63%
Tomi Karhu Antti Väre
56%
Jaana Jokela Satu Silvo
56%
Vilma Haavisto Rosa Hautala
55%
Krista Kortelainen Thelma Siberg
55%
Sonja Ollila Hennariikka Laaksola
54%
Mirja Mäkimaa Inka Kallén
54%
Saku Rainio Janne Virtanen
54%
Minna Haavisto Anu Niemi
51%
Karri Palomäki Eemu Korpela
49%
Stella Kuparinen Ronja Alatalo
49%
Reino Tuominen Aku Sipola
48%
Lisbeth "Lissu" Kanerva 2 Mari Posti
46%
Marika Ruuskanen-Kuusla Helena Rängman
45%
Osku Haavisto Atte Reunanen
44%
Eppu Palomäki Eemeli Sutelainen
43%
Aava Helminen Valpuri Jokitie
43%
Maija Helminen Lotta Lehtikari
41%
Veikko Honkala Allu Tuppurainen
39%
Piilinen Heikki Silvennoinen
35%
Leila Malinen Kaisa Hela
35%
Maria Nikko Lotta Lehtikevari
34%
Sakari Määttä Matti Leino
34%
Joonas "Jimi" Aro Arttu Soilumo
30%
Kaisla Helminen Eeva Rajakangas
30%
Anni Malinen Anette Aghazarian
25%
Terhi Sillanpää Vilma Kinnunen
25%
Titus Koistinen Elias Gould
24%
Iiro Rainio Miro Puranen
24%
Väinö Haavisto Eetu Autio
23%
Roni Sirén Ville Rossi
23%
Petra Kaakko Amira Khalifa
21%
Emma Rannila Vieno Virtanen
21%
Pentti Ruuskanen Juhani Laitala
20%
Henrik Paltamo Tapani Perttu
18%
Veeti Susimaa Joes Teka
15%
Lauri Kallio Pani Mikkola
15%
Silja Ollila 1 Saara Kotkaniemi
15%
Pyry Helminen Toni Nikka
15%
Lenni Morris Joel Bonsdorff
14%
Silja Ollila 2 Laura Allonen
14%
Rasmus Nikko Ville-Veikko Airaniemi
14%
Päivikki Summanen Milla Kangas
13%
Lotta Sund Rebecca Viitala
13%
Töllis Aino Töllinen
11%
Nanna Summanen Ella Tamminen
11%
Peetu Määttä Oskar Sara-aho
11%
Mirkku Virkkunen Sonja Halla-aho
11%
Sara Erkkilä Anna Lipponen
10%
Raimo "Kukko" Koistinen Kari Kinnaslampi
10%
Masa Petja Kopperoinen
10%
Jarkko Rannila Jyrki Mänttäri
9%
Ilari Larsson Antti Nieminen
8%
Topi Kunnas Eero Seppä
8%
Markku Lukkari Tommi Raitolehto
8%
Tiia Friman Eva Adamson
6%
Ilona Koivumaa Johanna Pirttilahti
6%
Jean-Pierre Kristian Suninen
6%
Hilkka Ranta Margit Tuomi
6%
Irma Alajoki Soili Markkanen
6%
Antti Salminen Harri Kailanto
5%
Juha Holma Janne Raudaskoski
5%
Laura Sirén Petra Karjalainen
5%
Joonas Rantala Frans Isotalo
4%
Ugur Budak Harri Liuksiala
4%
Eelis Karhu Jyrki Nousiainen
4%
Jari Oja Marko Keskitalo
4%
Outi Hiltunen Nina Linnovaara
4%
Hannupekka "HP" Latvala Teemu Palosaari
4%
Vesa Kelo Timo Allinniemi
4%
Teppo Martonen Aksu Piippo
3%
Pauliina Kuparinen Hanna Kaila
3%
Liselotte Jade Bergius
3%
Juge Joonas-Ville Hietaniemi
3%
Nico Kalle Niemi
3%
Pirkko Kujala Mirja Oksanen
3%
Oliver Järvelä Miro Ahonen
3%
Onerva Rannila Niina Sirén-Haapasaari
3%
Jesse Niklas Haapaniemi
3%
Konsta Saarinen Olli Rinne
3%
Ismet Sadik Pedram Notash
3%
Marju Lehtinen Sirpa Helin
3%
Irmeli Laakso Teija Vallinaho
3%
Oula Haavisto Tobias Mäkinen
3%
Riku Kanninen Arttu Ratinen
1%
Kauko Saxman Jussi Tuohimaa
1%
Lasse Sund Kasper Kuikkaniemi
1%
Matias Mattsson Kasper Lindell
1%
Paavo Palomäki Manu Rikkonen
1%
Azad Sorani Mebest "Mebe" Rasid
1%
Raimo Ranta Pekka Flang
1%
Sami Haapajoki Petri Liski
1%
Seija Haapala Pirjo Yli-Nokari
1%
Pia Kortelainen Riika Rasilainen
1%
Raili Palomäki Sanna Yöntila
1%
Jake Karppinen Teemu Mäkinen
1%
Luka Laitakari Aimo Laitamo
0%
Kaisu Mäntylä Anne Perttala
0%
Lea Laakso Armi Kurkikangas
0%
Ehtoja vastaavia visoja ei löytynyt
Tulosjakauma
Jokaisen tuloksen saaneiden osuus
Persentiili vastausten määrän mukaan
Tuloshistoriasi
Et ole pelannut tätä visaa